Quizzes
Events
Quiz Creation
Community
Videos
Private Events
Remove Ads
Sign In
Join for FREE
Feedback
Dark Mode
Quiz Categories
Sports
Geography
Music
Movies
Television
Just For Fun
Miscellaneous
History
Literature
Language
Science
Gaming
Entertainment
Religion
Holiday
For Kids
Quiz Lab
Recent
Popular Today
Quiz Kudos Today
Editor Picks
Curator Picks
Quizzes by...
Day
Popularity
Type
Ratings
Length
Year
Community
Subscriptions
Recent Discussions
Orange Saloon
Badges
Playlists
Quests
Create
Leaderboards
Showdown
Live 5
Trivia Bingo
Activity
Puzzle Library
Sporcle Events
Private Events
Virtual Trivia
Globe League
Become a Host
Pub Owners
SporcleCon
Opinionation
Our Games
Videos
Blog
Mobile Apps
Partnerships
Remove Ads and Go Orange
Feedback
Geography
Country
Landmarks
City
State
Population
World
Capital
Continent
Flags
Europe
Africa
Asia
South America
North America
Oceania
Border
Canada
United Kingdom
Topography
United States
Geography
Country
Landmarks
City
State
Population
World
Capital
Continent
Flags
Europe
Africa
Asia
South America
North America
Oceania
Border
Canada
United Kingdom
Topography
United States
Random Quiz
Search Sporcle
×
Quiz Lab
Quiz Lab
Geography
Population
Type in answers that appear in a list
Type in answers that appear in a list
Classic
Best Score? Go Orange.
Cities of California >100,000 Stats
Can you name the Cities of California with population > 100,000?
By
Josh8036
7m
56 Questions
2,484 Plays
2,484 Plays
2,484 Plays
Comments
Comments
Give Quiz Kudos
Give Quiz Kudos
-
- Ratings
hide this ad
Replay
Link that replays current quiz
Next Quiz
Link to next quiz in quiz playlist
You Got
0%
They Got
Avg Score
58%
Avg Friend Score
Upgrade to see
Score Distribution
Jump to the score distribution portion of the page
Score
0/56
Timer
07:00
0
Plays Today
Rank
City
% Correct
1
Los Angeles
99.5%
2
San Diego
98.9%
4
San Francisco
98.8%
3
San Jose
97.3%
7
Sacramento
95.8%
8
Oakland
94.8%
6
Fresno
90.9%
5
Long Beach
89.5%
10
Anaheim
88.6%
12
Bakersfield
85.2%
11
Riverside
84.6%
9
Santa Ana
79.6%
18
San Bernardino
77.2%
13
Stockton
75.1%
28
Irvine
72.8%
17
Modesto
69.6%
19
Chula Vista
68.5%
32
Pasadena
68.4%
14
Fremont
67.2%
16
Huntington Beach
63.5%
15
Glendale
63.1%
20
Oxnard
61.8%
54
Santa Clara
58.2%
27
Santa Rosa
57.2%
53
Berkeley
57.1%
24
Santa Clarita
57%
36
Orange
56.4%
23
Ontario
53.6%
Rank
City
% Correct
22
Oceanside
53.3%
56
Burbank
49.4%
37
Rancho Cucamonga
48.7%
25
Salinas
48%
33
Escondido
47.7%
26
Pomona
46.7%
42
Thousand Oaks
46.2%
55
Ventura
45.7%
35
Fontana
45.5%
43
Vallejo
44.5%
29
Moreno Valley
44.2%
41
Lancaster
44%
38
Fullerton
43.7%
31
Torrance
43%
44
Palmdale
43%
30
Hayward
42.2%
39
Corona
42%
34
Sunnyvale
40.7%
46
Inglewood
39.8%
21
Garden Grove
39.4%
51
Daly City
36.3%
47
Simi Valley
36.1%
40
Concord
34.4%
50
West Covina
30.1%
45
El Monte
29.5%
49
Downey
28%
48
Costa Mesa
28%
52
Norwalk
23%
Quiz Playlist
Details
Report
Send in Message
Add To Playlist
Classic:
Type in answers that appear in a list
Quiz Source
Last Updated: Feb 16, 2017
Quiz Scoreboard
CHALLENGE
Sign Up to Join the Scoreboard
Show All
Scores
Hide
Comments
May contain spoilers
Recently Published
NBA Finals Game Top Scorers (2010s)
by flibbidy
Sports
5m
Guess the 'R' Things in 3 Words
by MSUKent
Miscellaneous
3m
Actor to Badly Drawn Movie III
by MoMosMoProblems
Movies
5m
More to Explore
Quiz From the Vault
Featured Blog Post
Where Does Lost Luggage Go?
hide this ad
You Might Also Like...
Tags
City Quiz
Population Quiz
100
100 000
California
Today's Top Quizzes in Geography
Browse Geography
hide this ad
Today's Top Quizzes in Population
Browse Population
Top Contributed Quizzes in Geography
1
Countries of the World - No Outlines Minefield
2
Find the Landmarks A-Z
3
Lietuvos savivaldybės (Lithuanian Municipalities)
4
Blind Ultimate Minefield: World
5
Ultimate Geography Challenge 'A'
6
Find the US States - No Outlines
7
3, 2, 1 or 0: Land Borders
8
Complete the Map Snippet (Minefield) IX
9
Nickname Match: U.S. States
10
Complete the Map Snippet (Minefield) X
Explore More
Trending Topics
NBA
Kpop
Disney
Anime
Crossword
Marvel
Harry Potter
Soccer
NFL
Puzzle
Country
Song
Pokémon
The Office
WWE
hide this ad
More By:
Josh8036
Quiz
Plays
Rating
Category
Featured
Created
Cities of California >100,000
2,484
4.27
Geography
Mar 8, 2010
US Cities >100,000 By State (A-L)
1,229
4.60
Geography
Mar 9, 2010
US Cities >100,000 By State (M-Z)
1,066
4.50
Geography
Mar 11, 2010
Oscar Nominations of The Godfather Cast
209
4.71
Movies
May 11, 2015
Counties of US Cities (Clickable)
81
5.00
Geography
May 11, 2015
Go to Creator's Profile
Score Distribution
Quiz Creator Spotlight
Josh8036
Follow
Send a Message
Quizzes Created
-
Created Quiz Play Count
-
More By This Creator
Popular Quizzes Today
1
Find the US States - No Outlines Minefield
2
Find the US States
3
The Countries of the World
4
10 Largest US States in Order
5
Find the Countries of Europe - No Outlines Minefield
6
US States
7
Guess the 'R' Things in 3 Words
8
NBA Finals Game Top Scorers (2010s)
More Geography Quizzes
Most Populous S Countries
Quiz Lab
Trending Quizzes
First Name TV: Leading Men
Match the Book to the Film II
First Name TV: Leading Women Drama
Match the Book to the Film VI
Pick A Pair: Religious TV
Recently Updated
Women's Final Four Teams by Year
bhenderson79
Presidents Quartet II
eogle
Anything But Clue(do)
eogle
Anything But Oceanian Capitals
eogle
Anything But 7
eogle
Anything But Thing
eogle
Word Ladder: February 29
pecheneg
Song Title Questions
pecheneg
Women's NCAA Tournament #1 Seeds
pecheneg
Celebrity Mug Shots
pecheneg
Trending Topics
NBA
Harry Potter
Crossword
Disney
Anime
Kpop
Marvel
Song
Puzzle
Soccer
WWE
Pokémon
NFL
Country
The Office
Your Account Isn't Verified!
In order to create a playlist on Sporcle, you need to verify the email address you used during registration. Go to your
Sporcle Settings
to finish the process.
Report this User
Report this user for behavior that violates our
Community Guidelines
.
Details:
Send Report
Go to the Sporcle.com Mobile Site →
Comments